| 000 | 00635nam a2200229Ia 4500 | ||
|---|---|---|---|
| 003 | OSt | ||
| 005 | 20220918202456.0 | ||
| 006 | a|||||r|||| 00| 0 | ||
| 007 | ta | ||
| 008 | 220917b |||||||| |||| 00| 0 eng d | ||
| 024 | _a101,506 | ||
| 037 | _cTextual | ||
| 040 |
_aARTS _cARTS _beng |
||
| 041 |
_2eng _aeng |
||
| 082 | _aV2,21y7M89,4, M5.1-.4 | ||
| 100 | _aNehru Jawaharlal | ||
| 245 | 0 | _aLetters to Chief Minister 1947 1964 ed by G Parthasarthi | |
| 260 |
_aDelhi _bG O India _c1985 |
||
| 650 | _aHISTORY | ||
| 942 |
_hV2,21y7M89,4, M5.1-.4 _cTEXL _2CC |
||
| 999 |
_c224987 _d224987 |
||